| 000 | 01363cam a22001934a 4500 | ||
|---|---|---|---|
| 005 | 20250605164219.0 | ||
| 008 | 250528s ||||||||||||||||||||||||d | ||
| 035 | _a20605 | ||
| 040 |
_aGR-AtMCL _bgre _dGR-AtMCL _eAACR2 |
||
| 245 | 1 | _aΤέλειον Αγγλοελληνικόν Λεξικόν / Λεξικόν Εμποροτεχνικών Όρων | |
| 260 |
_bΔιαγορας, _c1961 |
||
| 300 | _a1106 | ||
| 520 | _aΠρόλογος και Επεξηγήσεις, Γραμματική της Αγγλικής Γλώσσης, Επεξήγησις Συντετμημένων Λέξεων, Αγγλοελληνικόν Λεξικόν, Γεωγραφικά Ονόματα, Ιστορικά και Μυθολογικά Κύρια Ονόματα, Ξέναι Λέξεις και Φράσεις, Πίναξ Συγκοπών της Αγγλικής Γλώσσης, Συντομογραφίαι της Αγγλικής Γλώσσης, Πίναξ Λέξεων και Φράσεων με Προθέσεις, Ιδιωματικαί Εκφράσεις, Παράγωγοι και Σύνθετοι Λέξεις, Επιστολογραφία, Πλήρες Λεξικόν Εμποροτεχνικών Όρων, Αγγλικά Μέτρα και Σταθμά. | ||
| 700 | 1 |
_aMandeson Arnold _96567 |
|
| 942 | _cBK | ||
| 999 |
_c5696 _d5696 |
||